Graphics concepts for computer-aided design
Saved in:
| Main Author: | |
|---|---|
| Format: | Book |
| Language: | English |
| Published: |
Upper Saddle River, NJ :
Pearson/Prentice Hall,
c2008
|
| Edition: | 2nd ed. |
| Series: | ESource-the Pentice Hall engineering source
|
| Subjects: | |
| Tags: |
Add Tag
No Tags, Be the first to tag this record!
|
MARC
| LEADER | 00000nam a2200000 i 4500 | ||
|---|---|---|---|
| 001 | 1/78760 | ||
| 008 | 080326s2008 eng d | ||
| 020 | |a 0-13-222987-0 | ||
| 035 | |l 10095806 | ||
| 040 | |a GR-MY-UA |b gre |e aacr | ||
| 041 | 0 | |a eng | |
| 082 | 0 | |a 620.0022 |2 (22) | |
| 100 | 1 | |a Lueptow, Richard M. | |
| 245 | 1 | 0 | |a Graphics concepts for computer-aided design / |c Richard M. Lueptow |
| 250 | |a 2nd ed. | ||
| 260 | |a Upper Saddle River, NJ : |b Pearson/Prentice Hall, |c c2008 | ||
| 300 | |a viii, 120 σ.; |b εικ.; |c 26 εκ. | ||
| 490 | 1 | |a ESource | |
| 504 | |a Βιβλιογραφία: σ. 115. Ευρετήριο | ||
| 650 | 0 | 0 | |a Engineering graphics. |
| 830 | 0 | |a ESource-the Pentice Hall engineering source | |
| 852 | |a INST |b SYROS |e 20080326 |h 620.0022 LUE |p 005500006295 |q 005500006295 |t BK |y 0 | ||
| 901 | |a BIBL5-2008-1 | ||
| 909 | |a Ε |b 139894 | ||
| 922 | |a 5ΕΛΗ |b 200710 |c ΕΠΕΑΕΚ2/ΤΜΣΠΣ |d ΠΑΠΑΣΩΤΗΡΙΟΥ | ||
| 970 | |a ΚΑΓΙΑΒΑ |b ΕΙΡΗΝΗ |z 2008/03/26 | ||